000 00679nam a2200181Ia 4500
008 090124s9999 xx 000 0 und d
082 _b32640
100 _aगांगण डी.एन्.
245 _a तोच रस्ता त्याच वाटा ( गजल सगं्रह )
250 _a1
260 _c2004
300 _a96+16
600 _aगांगण डी.एन्.
630 _a तोच रस्ता त्याच वाटा ( गजल सगं्रह )
700 _aगांगण डी.एन्.
730 _a तोच रस्ता त्याच वाटा ( गजल सगं्रह )
942 _cBOOK
999 _c178813
_d178813